Fr. Conceicao Rodrigues College of Engineering

Course in combinatorics (Record no. 23509)

MARC details
000 -LEADER
fixed length control field 00372nam a2200181Ia 4500
082 ## - DEWEY DECIMAL CLASSIFICATION NUMBER
Item number LIN
100 ## - MAIN ENTRY--PERSONAL NAME
Personal name Lint/Van J.H
250 ## - EDITION STATEMENT
Edition statement 2
245 ## - TITLE STATEMENT
Title Course in combinatorics
260 ## - PUBLICATION, DISTRIBUTION, ETC.
Name of publisher, distributor, etc. Cambridge University Press
Date of publication, distribution, etc. 2007
366 ## - TRADE AVAILABILITY INFORMATION
Publishers's discount category 25
300 ## - PHYSICAL DESCRIPTION
Extent 602
546 ## - LANGUAGE NOTE
Language note ENGLISH
650 ## - SUBJECT ADDED ENTRY--TOPICAL TERM
Topical term or geographic name entry element combinatorics
654 ## - SUBJECT ADDED ENTRY--FACETED TOPICAL TERMS
Focus term combinatorics
942 ## - ADDED ENTRY ELEMENTS (KOHA)
Koha item type BOOK
Holdings
Withdrawn status Lost status Damaged status Not for loan Collection Home library Current library Date acquired Cost, normal purchase price Total Checkouts Full call number Barcode Date last seen Cost, replacement price Price effective from Koha item type
        CRC Fr. Agnel's C.Rodrigues College of Engineering Fr. Agnel's C.Rodrigues College of Engineering 17/03/2023 446.25   LIN 25595 17/03/2023 595.00   BOOK